000 01198nam a2200313Ia 4500
001 ebr10729175
003 CaPaEBR
006 m o u
007 cr cn|||||||||
008 110616s2011 nyua sb 001 0 eng d
020 _z9781611222852 (ebook)
020 _z9781617619304
040 _aCaPaEBR
_cCaPaEBR
035 _a(OCoLC)853272899
050 1 4 _aR850
_b.A3814 2011eb
082 0 4 _a616
_223
245 0 0 _aAdvances in medicine and biology
_h[electronic resource] .
_nVolume 14 /
_cLeon V. Berhardt, editor.
260 _aNew York :
_bNova Science Publishers,
_cc2011.
300 _axiii, 251 p. :
_bill.
490 0 _aAdvances in biology and medicine ;
_vvol. 14
504 _aIncludes bibliographical references and index.
533 _aElectronic reproduction.
_bPalo Alto, Calif. :
_cebrary,
_d2013.
_nAvailable via World Wide Web.
_nAccess may be limited to ebrary affiliated libraries.
650 0 _aMedicine.
650 0 _aBiology.
655 7 _aElectronic books.
_2local
700 1 _aBerhardt, Leon V.
710 2 _aebrary, Inc.
856 4 0 _uhttp://site.ebrary.com/lib/rucke/Doc?id=10729175
_zAn electronic book accessible through the World Wide Web; click to view
999 _c150907
_d150907